| 000 | 01694nam0a2200337 4500 | ||
|---|---|---|---|
| 001 | RU\NLR\bibl\8136 | ||
| 005 | 20260407072713.0 | ||
| 010 |
_a5-288-01580-5 _91500 |
||
| 035 | _a(NLR Aleph) 000007945 | ||
| 090 |
_a24977 _c24977 |
||
| 100 | _a19981120d1998 |||y0rusy50 ca | ||
| 101 | 0 | _arus | |
| 102 | _aRU | ||
| 105 | _ay ||||||||| | ||
| 200 | 1 |
_aОчерки социальной философии _eУчеб. пособие _f[Р. В. Светлов, Ю. В. Перов, К. С. Пигров и др.] _gПод ред. д. филос. н. К. С. Пигрова _gС.-Петерб. гос. ун-т |
|
| 210 |
_aСПб. _cИзд-во СПбГУ _d1998 |
||
| 215 |
_a290 с. _d22 |
||
| 320 | _aБиблиогр. в конце очерков и в подстроч. примеч. | ||
| 606 | 0 |
_aСоциальная философия _jРуководства, пособия и т.п. для высшей школы _91917054 _3RU\NLR\auth\661163051 |
|
| 606 | 0 |
_aСоциальная философия _jУчебные издания для высшей школы _91917054 _3RU\NLR\auth\661163051 |
|
| 686 | _aЮ6я73-1 | ||
| 701 | 1 |
_4070 _8rus _7ca _aСветлов _bР.В. _gРоман Викторович _3RU\NLR\auth\7719714 _92785 |
|
| 702 | 1 |
_4340 _8rus _7ca _aПигров _bК. С. _gКонстантин Семенович _3RU\NLR\auth\7787059 _969987 |
|
| 712 | 0 | 2 |
_4570 _aИмператорский Санкт-Петербургский университет _3RU\NLR\AUTH\882129 _9274885 |
| 801 | 0 |
_aRU _bNLR _c19981120 _gPSBO |
|
| 801 | 1 |
_aRU _bNLR _c19981120 |
|
| 852 |
_aNLR _j98-5/2207 |
||
| 942 | _cBOOK | ||
| 980 | _aNB | ||